|
|
|
|
| LEADER |
03259nam a2200841 i 4500 |
| 001 |
nkc20213376076 |
| 003 |
CZ PrNK |
| 005 |
20220329131142.0 |
| 007 |
ta |
| 008 |
220215s2020 xr ah e c 000 0dcze |
| 020 |
|
|
|a 978-80-903739-6-9
|q (brožováno)
|
| 040 |
|
|
|a ABA001
|b cze
|e rda
|
| 041 |
1 |
|
|a cze
|a ita
|h cze
|h ita
|
| 043 |
|
|
|a e-xr---
|a e-it---
|
| 045 |
|
|
|a y1y2
|
| 072 |
|
7 |
|a 76
|x Grafické umění. Grafika
|2 Konspekt
|9 21
|
| 080 |
|
|
|a 76(437.3)
|2 MRF
|
| 080 |
|
|
|a 76(450)
|2 MRF
|
| 080 |
|
|
|a 761
|2 MRF
|
| 080 |
|
|
|a 911.5
|2 MRF
|
| 080 |
|
|
|a 7.04
|2 MRF
|
| 080 |
|
|
|a 7.036/.038
|2 MRF
|
| 080 |
|
|
|a (437.3)
|2 MRF
|
| 080 |
|
|
|a (450)
|2 MRF
|
| 080 |
|
|
|a (083.824)
|2 MRF
|
| 100 |
1 |
|
|a Piekar, Pavel,
|d 1960-
|7 jn99240000874
|4 art
|
| 245 |
1 |
0 |
|a Pavel Piekar, Zbyněk Hraba, Andrea Louis Ballardini :
|b krajina - nekonečno = paesaggio - l'infinito /
|c autoři textů: Alberta Lai, Jiří Pelán
|
| 246 |
3 |
0 |
|a Krajina - nekonečno
|
| 246 |
3 |
0 |
|a Paesaggio - l'infinito
|
| 264 |
|
1 |
|a [Praha] :
|b Sdružení českých umělců grafiků Hollar,
|c 2020
|
| 300 |
|
|
|a 31 stran :
|b ilustrace (převážně barevné), faksimile ;
|c 28 cm
|
| 336 |
|
|
|a text
|b txt
|2 rdacontent
|
| 336 |
|
|
|a statický obraz
|b sti
|2 rdacontent
|
| 337 |
|
|
|a bez média
|b n
|2 rdamedia
|
| 338 |
|
|
|a svazek
|b nc
|2 rdacarrier
|
| 500 |
|
|
|a Název z obálky
|
| 500 |
|
|
|a Vydáno ke stejnojmenné výstavě konané v listopadu 2020 v Galerii Hollar v Praze
|
| 500 |
|
|
|a Životopisná data
|
| 500 |
|
|
|a 300 výtisků
|
| 546 |
|
|
|a Souběžný italský text
|
| 600 |
1 |
7 |
|a Piekar, Pavel,
|d 1960-
|7 jn99240000874
|2 czenas
|
| 600 |
1 |
7 |
|a Hraba, Zbyněk,
|d 1960-
|7 jo20010086911
|2 czenas
|
| 600 |
1 |
7 |
|a Ballardini, Andrea Louis,
|d 1960-
|7 jx20081022007
|2 czenas
|
| 648 |
|
7 |
|a 21. století
|7 ch460559
|2 czenas
|
| 650 |
0 |
7 |
|a česká grafika
|7 ph128116
|y 21. století
|2 czenas
|
| 650 |
0 |
7 |
|a linoryty
|7 ph211774
|z Česko
|y 21. století
|2 czenas
|
| 650 |
0 |
7 |
|a italská grafika
|7 ph121232
|y 21. století
|2 czenas
|
| 650 |
0 |
7 |
|a linoryty
|7 ph211774
|z Itálie
|y 21. století
|2 czenas
|
| 650 |
0 |
7 |
|a krajina
|7 ph115006
|2 czenas
|
| 650 |
0 |
7 |
|a umělecké náměty
|7 ph138227
|2 czenas
|
| 650 |
0 |
7 |
|a moderní umění
|7 ph115340
|z Česko
|2 czenas
|
| 650 |
0 |
7 |
|a moderní umění
|7 ph115340
|z Itálie
|2 czenas
|
| 650 |
0 |
9 |
|a Czech prints
|y 21st century
|2 eczenas
|
| 650 |
0 |
9 |
|a linocuts
|z Czechia
|y 21st century
|2 eczenas
|
| 650 |
0 |
9 |
|a Italian prints
|y 21st century
|2 eczenas
|
| 650 |
0 |
9 |
|a linocuts
|z Italy
|y 21st century
|2 eczenas
|
| 650 |
0 |
9 |
|a landscape
|2 eczenas
|
| 650 |
0 |
9 |
|a artistic themes
|2 eczenas
|
| 650 |
0 |
9 |
|a modern art
|z Czechia
|2 eczenas
|
| 650 |
0 |
9 |
|a modern art
|z Italy
|2 eczenas
|
| 655 |
|
7 |
|a katalogy výstav
|7 fd132536
|2 czenas
|
| 655 |
|
9 |
|a exhibition catalogs
|2 eczenas
|
| 700 |
1 |
|
|a Hraba, Zbyněk,
|d 1960-
|7 jo20010086911
|4 art
|
| 700 |
1 |
|
|a Ballardini, Andrea Louis,
|d 1960-
|7 jx20081022007
|4 art
|
| 700 |
1 |
|
|a Lai, Alberta
|7 jo20221141420
|4 aut
|
| 700 |
1 |
|
|a Pelán, Jiří,
|d 1950-
|7 jk01092405
|4 aut
|
| 710 |
2 |
|
|a Galerie Hollar (Praha, Česko)
|7 kn20090505013
|4 orm
|
| 910 |
2 |
|
|a BOA001
|b 3-1481.967
|
| 928 |
9 |
|
|a Hollar
|
| 990 |
|
|
|a BK
|
| 995 |
|
|
|a 11
|
| 991 |
|
|
|b 202203
|c NOV
|
| 996 |
6 |
|
|b 2610896357
|c 3-1481.967
|l MZK
|r Sklad / do 1 hodiny
|n 0
|p p.v.
|w 001879791
|u 000010
|a 1
|e BOA001
|j MZK50
|s P
|